[Event "Politiken Cup 18th"]
[Site "Copenhagen"]
[Date "1996.??.??"]
[Round "2"]
[White "Jakobsen, Ole"]
[Black "Krasenkow, Michal"]
[Result "0-1"]
[WhiteElo "2390"]
[BlackElo "2610"]
[Annotator "Ribli,Z"]
[PlyCount "120"]
[EventDate "1996.06.??"]
[EventType "swiss"]
[EventRounds "11"]
[EventCountry "DEN"]
[SourceTitle "CBM 054"]
[Source "ChessBase"]
[SourceDate "1996.10.01"]
[SourceVersion "1"]
[SourceVersionDate "1996.10.01"]
[SourceQuality "1"]

1. d4 g6 2. c4 Bg7 3. e4 d6 4. Nc3 Nc6 5. Nge2 e5 6. Be3 exd4 7. Nxd4 Nge7 8.
h4 h5 (8... f5 9. h5 $1 fxe4 10. hxg6 hxg6 11. Rxh8+ Bxh8 12. Nxe4 $14 {
Gurevich,M-Speelman,J/Antwerpen/1993/CBM37/INF58,70/}) 9. Qd2 Ne5 (9... O-O $6
10. O-O-O Re8 (10... Nxd4 11. Bxd4 Nc6 12. Bxg7 Kxg7 13. Be2 Be6 14. f4 $36 {
Matveeva,S-Gurieli,N/Jakarta iztW/1993/}) 11. Be2 Ne5 12. f3 a6 13. Bh6 Bh8 14.
Bg5 c6 15. g4 $16 {Lukacs,P-Dorfman,J/Debrecen/1988/CBM09/}) 10. f3 a6 11.
O-O-O c6 $5 {Interessante Idee. Schwarz läßt seinen König bis auf weiteres in
der Mitte, und spielt aktiv am Damenflügel. Jetzt ist ein weißer Angriff am
Königsflügel nicht so gefährlich.} 12. Nb3 Be6 13. Qxd6 Qxd6 14. Rxd6 Bxc4 $10
15. Na5 Bxf1 16. Rxf1 Nc8 17. Rdd1 b6 18. Nb3 O-O 19. Nd4 (19. Bd4 $5) 19...
Na7 20. f4 Nc4 21. Bg1 Nb5 $15 22. e5 $6 (22. Ncxb5 axb5 23. Kb1) 22... Nxc3
23. bxc3 c5 24. Nc6 Rfe8 25. Rd7 Bf8 26. g3 {Ein schablonenhafter Zug.} (26.
Rfd1) 26... Rac8 27. Na7 Rcd8 28. Rxd8 Rxd8 29. Rd1 Rxd1+ 30. Kxd1 f6 31. exf6
$6 (31. e6 $1 {wäre viel besser, der weiße e6-Bauer ist schwer zugänglich.})
31... Kf7 32. Ke2 Kxf6 33. Kd3 b5 34. Nc6 (34. a4 $2 Nb2+) 34... Ke6 35. Nb8
Bd6 36. Nxa6 Kd5 {Der weiße Springer befindet sich in großer Not.} 37. Bf2 Nb2+
38. Kc2 Na4 39. Kd3 Kc6 40. c4 Nb2+ {Nicht schlecht, aber 40...b4! scheint
überzeugender.} 41. Ke4 bxc4 (41... Nxc4 $5) 42. Be1 Nd1 43. a3 c3 44. Kd3 Kb5
45. Nxc5 Bxc5 {Die Stellung ist für Weiß total verloren, er hätte sich die
restlichen Züge sparen können.} 46. Kc2 Bf2 47. Bxf2 (47. Kxd1 c2+) 47... Nxf2
48. f5 gxf5 49. Kxc3 Kc5 50. a4 Ne4+ 51. Kd3 Nxg3 52. Ke3 Ne4 53. Kf4 Nd6 54.
a5 Kb5 55. Kg5 Kxa5 56. Kxh5 Nf7 57. Kg6 f4 58. Kxf7 f3 59. h5 f2 60. Kg7 f1=Q
{Ribli} 0-1

[Event "Capablanca Memorial Elite 31st"]
[Site "Cienfuegos"]
[Date "1996.??.??"]
[Round "13"]
[White "Nogueiras Santiago, Jesus"]
[Black "Zapata, Alonso"]
[Result "0-1"]
[WhiteElo "2555"]
[BlackElo "2505"]
[Annotator "Ribli,Z"]
[PlyCount "98"]
[EventDate "1996.05.??"]
[EventType "tourn"]
[EventRounds "13"]
[EventCountry "CUB"]
[EventCategory "12"]
[SourceTitle "CBM 054"]
[Source "ChessBase"]
[SourceDate "1996.10.01"]
[SourceVersion "1"]
[SourceVersionDate "1996.10.01"]
[SourceQuality "1"]

1. Nf3 {Kanstler} g6 2. d4 Bg7 3. c4 d6 4. Nc3 c5 (4... Bg4 {Kanstler} 5. e3 c5
6. dxc5 $6 Bxc3+ 7. bxc3 dxc5 8. Qxd8+ Kxd8 9. Ne5 Be6 10. e4 Nf6 11. Rb1 Nxe4
$1 12. Rxb7 Nd6 13. Rb1 Nd7 14. Bf4 Nb6 $17 {Mikhalevski,V-Davies,N/Rishon Le
Zion/1995/1:0/48/}) 5. e4 (5. dxc5 $5 {Kanstler} Bxc3+ 6. bxc3 dxc5 7. Qxd8+
Kxd8 8. Ne5 Be6 (8... Ke8 9. g3 $14) 9. g3 $14 Nc6) 5... Nc6 (5... cxd4 {
Kanstler} 6. Nxd4 Nc6 7. Be3 (7. Nxc6 bxc6 8. c5 $14) 7... Nf6 (7... Nxd4) 8.
Be2 $14) 6. Be3 (6. d5 $5 {Kanstler}) 6... Nf6 $6 (6... Qb6 7. Na4 Qa5+ 8. Bd2
Qc7 9. d5 Nd4 10. Nxd4 cxd4 11. c5 $1 $16 {Psakhis,L-Manor,I/Tel Aviv Cup/1996/
EXP52/}) (6... Bg4 7. dxc5 dxc5 8. Qxd8+ Rxd8 9. Bxc5 Bxc3+ 10. bxc3 Nf6 11.
Nd4 Nxe4 12. Nxc6 bxc6 13. Bxa7 $16 {Smyslov,V-Botvinnik,M/Wch/1957/}) 7. d5
$14 (7. dxc5 $5 {Kanstler} Ng4 $2 (7... Qa5 8. Bd2 (8. cxd6 $2 Nxe4 $17) (8.
Nd2 $6 Ng4 $17) (8. Qd2 $6 dxc5 $13) 8... Qxc5 (8... dxc5 $5) 9. Be2 O-O 10.
Be3 Qa5 11. O-O Be6 12. Nd2 Rfc8 13. a3 a6 $2 14. Nd5 Nd7 15. Bb6 Nxb6 16. Nb3
{Alterman,B-Gelfer,I/ISR/1996/1:0/24/}) 8. Bg5 $14 (8. cxd6 $2 Nxe3 $146)) 7...
Nb4 8. a3 (8. e5 $2 {Kanstler} Ng4 $17) 8... Na6 9. Be2 O-O 10. O-O e6 {
Wenn wir diese Stellung mit der normalen Königsindischen Verteidigung
vergleichen, können wir erkennen, daß Weiß schon ein paar Tempi gewonnen hat.}
11. dxe6 $2 (11. Nd2 exd5 12. cxd5 $16) 11... Bxe6 12. h3 (12. Bf4 {Kanstler}
Qb6 $13) (12. Qc2 $5 {Kanstler}) 12... Re8 $13 13. Qc2 Bd7 14. Rfe1 (14. Rad1 {
Kanstler} Qe7 (14... Bc6 $2 15. e5 $16) 15. Bg5 Bc6 $13) 14... Bc6 15. Bd3 Nd7
{Schwarz hat eine "ewige" Schwächung auf d6 und ein Loch auf d5. Andererseits
ist sein g7- Läufer besonders stark, und er hat gutes Figurenspiel.} 16. Rad1
Nc7 17. Bf1 (17. b4 $5 {Kanstler}) 17... Ne5 (17... Bxc3 $5 18. Qxc3 Bxe4 19.
Bh6 (19. Ng5) 19... Qf6 20. Qxf6 $2 Nxf6 21. Rxd6 Bxf3 22. Rxe8+ Nfxe8) (17...
Qe7 {Kanstler} 18. Qd2 $16) 18. Nxe5 (18. Be2 Ne6) (18. Bxc5 $2 Nxf3+ 19. gxf3
Qg5+ $19) 18... Bxe5 19. Bxc5 Qf6 20. Be3 Bxc3 21. Qxc3 (21. bxc3 Bxe4 22. Qd2
Ne6 $13) 21... Qxc3 22. bxc3 Rxe4 23. Rxd6 Re5 $5 24. Red1 (24. c5 $5 $14)
24... Ra5 $10 25. Rd8+ (25. Bh6 $6 {Kanstler} Ne6 $1 $13) 25... Rxd8 26. Rxd8+
Kg7 27. Bd4+ f6 (27... Kh6 {Kanstler} 28. Rg8 $16) 28. c5 Ra4 (28... Rxa3 29.
Bc4 $40) 29. Rb8 $2 {DieserTurm sollte auf d8 bleiben.} (29. f3 {Kanstler} Ne6
30. Rd6 (30. Ra8 $2 Rxa3 31. Bc4 Nxd4 32. cxd4 Ra4 $17) 30... Kf7 (30... Nxd4
31. cxd4 Rxa3 32. d5 $14) 31. Kf2 Ke7 $13) 29... Rxa3 30. Bc4 Nd5 31. Rd8 Nf4
32. Rg8+ (32. f3 Ra4 33. Bb3 Ra1+ 34. Kf2 Rb1) 32... Kh6 {Die schwarze
Königsstellung scheint verdächtig, aber es ist kaum möglich, ein Matt zu
finden.} 33. Bxf6 Ra4 $17 34. Bg7+ (34. Bb3 $5 {Kanstler} Ra1+ (34... Ra3 35.
Bc4 Ra4 $10) 35. Kh2 Nxg2 $13) 34... Kg5 35. h4+ (35. Bf1 $2 {Kanstler} Ra1 36.
f3 Bb5 37. h4+ (37. c4 Rxf1+ $19) 37... Kxh4 (37... Kf5 $2 38. Rf8+ Ke6 39. c4
$18) (37... Kh5 38. Kh2 Rxf1 39. g4+ Kxh4 40. Bf6+ $18) 38. Kh2 Rxf1 39. g3+
$17) (35. Bb3 {Kanstler} Ra1+ 36. Kh2 Bxg2 37. Kg3 Bxh3 $17) 35... Kxh4 36. Bf1
(36. g3+ Kg4 $17) 36... Nxg2 $1 {Schoene Gegenkombination.} (36... Ra1 $6 {
Kanstler} 37. g3+ Kg4 38. gxf4 Bb5 39. c4 Rxf1+ 40. Kg2 $1 (40. Kxf1 $2 Bxc4+
41. Kg2 Bxg8 $19) 40... Bxc4 41. Rb8 $15) 37. Bf6+ Kh5 38. Bxg2 Rg4 {Auf dem
Brett befinden sich zwar ungleichfarbige Läufer, aber durch die Türme ist der
schwarze Vorteil deutlich.} 39. Rh8 Kh6 40. Bd4 Bxg2 41. Kh2 Bc6 42. Kh3 Re4
43. Be3+ Kg7 44. Ra8 a6 45. Kg3 h5 {Weiß kann seinen König nicht verteidigen,
und gegen den a-Bauern kämpfen. Seine Stellung ist nicht mehr zu halten.} 46.
Bd4+ Kf7 47. f4 Re2 48. Rd8 a5 49. Be5 a4 0-1

[Event "Politiken Cup 18th"]
[Site "Copenhagen"]
[Date "1996.??.??"]
[Round "6"]
[White "Ksieski, Zbigniew"]
[Black "Krasenkow, Michal"]
[Result "0-1"]
[WhiteElo "2400"]
[BlackElo "2610"]
[Annotator "Ribli,Z"]
[PlyCount "78"]
[EventDate "1996.06.??"]
[EventType "swiss"]
[EventRounds "11"]
[EventCountry "DEN"]
[SourceTitle "CBM 054"]
[Source "ChessBase"]
[SourceDate "1996.10.01"]
[SourceVersion "1"]
[SourceVersionDate "1996.10.01"]
[SourceQuality "1"]

1. c4 g6 2. d4 Bg7 3. Nc3 d6 4. e4 Nc6 5. Be3 (5. d5 $5) 5... e5 6. d5 (6. dxe5
$5) 6... Nce7 7. c5 (7. g4 $5) (7. Qd2 $5 f5 8. f3 Nf6 9. Bd3) 7... f5 8. Bb5+
Kf8 9. cxd6 (9. f3 $5) (9. f4 $5) (9. Nf3 $5 a6 10. Be2 f4 11. Bd2 dxc5 12. g3
fxg3 13. hxg3 Qd6 14. Be3 b6 15. Nd2 $1 $44 {Schlosser,P-Gustafsson,J/Dresden
op/1995/}) 9... cxd6 10. a4 $6 {Weiß verliert zu viel Raum am Königsflügel mit
diesem Zug.} (10. f3 Bh6 11. Bxh6+ Nxh6 12. Qd2 Nf7 13. Nge2 Kg7 14. Bd3 Bd7
15. O-O-O Rb8 16. Kb1 b5 17. Rc1 Qb6 $132 {Urban,K-Krasenkov,M/POL-chT
Lubniewice/1995/}) 10... f4 11. Bd2 g5 $15 12. g3 Ng6 13. h4 {Meiner Meinung
nach ware es besser für Weiß, den Königsflügel geschlossen zu lassen und nicht
12.g3,13.h4 zu spielen, sondern am Damenflügel zu rochieren und die
Entwicklung zu beenden.} gxh4 14. gxf4 exf4 $17 {Jetzt hat Schwarz eine offene
Diagonale fuer seinen Laeufer auf g7.} 15. Qf3 Qf6 16. Qh5 Nh6 17. Nh3 Bg4 18.
Qg5 Bxh3 19. Qxf6+ Bxf6 20. Rxh3 Nf7 {Für den Sieg muß Schwarz noch arbeiten,
doch er hat den starken h-Freibauern, und das wichtige Feld e5 steht unter
seiner Herrschaft.} 21. Rh1 Nfe5 22. Rh3 f3 23. a5 a6 24. Bf1 Rc8 25. Ra4 h6 {
Langsam kann Schwarz seine Stellung aufbauen.Es droht Bg5.} 26. Rb4 Rc7 27. Be3
Bg5 28. Bb6 Rhh7 $5 {Ein interessantes aber nicht notwendiges Opfer.} 29. Bxc7
Rxc7 {Schwarz hat eine Qualitat weniger, aber seine Läufer z.B. sind
wertvoller als der weiße Turm auf h3.} 30. Kd1 Nf4 31. Kc2 {Tigran Petrosian
wäre zufrieden. Zwei Qualitätsopfer in einer Partie!} (31. Rh2 Ng4) (31. Rh1
Ned3) 31... Nxh3 32. Bxh3 Bf4 33. Rb3 Bg3 $1 {Eine schoene kleine Kombination.}
34. fxg3 hxg3 {Weiss kann nichts machen gegen den schwarzen Freibauern.} 35.
Kd2 Rg7 $19 36. Ne2 g2 37. Bxg2 Rxg2 38. Rxb7 Rxe2+ 39. Kd1 Rxe4 {Ribli} 0-1

[Event "RUS-ch sf 58th"]
[Site "Kazan"]
[Date "2005.09.09"]
[Round "7"]
[White "Bocharov, Dmitry"]
[Black "Tkachiev, Vladislav"]
[Result "1-0"]
[WhiteElo "2574"]
[BlackElo "2625"]
[Annotator "Ribli,Z"]
[PlyCount "81"]
[EventDate "2005.09.03"]
[EventType "swiss"]
[EventRounds "9"]
[EventCountry "RUS"]
[SourceTitle "CBM 109"]
[Source "ChessBase"]
[SourceDate "2005.11.14"]
[SourceVersion "1"]
[SourceVersionDate "2005.11.14"]
[SourceQuality "1"]

1. d4 d6 2. Nf3 g6 3. g3 Bg7 4. Bg2 Nd7 5. O-O e5 6. c4 Ne7 {Statt dieser
Fortsetzung konnte Schwarz mit 6...Ngf6 eine Grundstellung der Königsindischen
Verteidigung erreichen. Aber der Textzug ist flexibler, da der Ne7 nach exd4
das Feld c6 erreichen kann und die Diagonale des g7-Läufers geöffnet bleibt.}
7. Nc3 O-O 8. e4 exd4 9. Nxd4 Nc6 10. Nde2 (10. Nxc6 bxc6 11. Qc2 Ne5 12. b3
Qf6) 10... a5 {Gefolgt von a5-a4 gewinnt Schwarz Raum am Damenflügel.} 11. f4 (
11. b3 a4 12. Rb1 axb3 13. axb3 Nc5 $11) 11... Re8 (11... Nb6 12. b3 Bg4 13.
Bb2 a4 14. Rb1 axb3 15. axb3 Re8 16. h3 Bxe2 17. Nxe2 Bxb2 18. Rxb2 Qf6 19. Rd2
Ra3 20. Nc1 Ra1 21. Kh2 Rea8 {0-1 Linqvist,G-Yrjola,J/Jyvaskyla 1999/EXT 2001 
(34)}) 12. h3 (12. Be3 f5 13. Bf2 fxe4 14. Bxe4 Nf6 15. Bf3 Ng4 16. Qd2 a4 17.
Rad1 Nxf2 18. Kxf2 {0-1 Holmsten,A-Lehtinen,H/Naantali 1999/EXT 2000 (41)})
12... Nc5 13. Be3 a4 {[%mdl 4] Dieser Zug ist konsequent nach 10...a5, aber
die konkrete Alternative 13...Be6 14.b3 Nxe4 verdient ebenfalls Aufmerksamkeit.
} (13... Be6 14. b3 Nxe4 15. Bxe4 Bf5 $5 (15... Bxh3 16. Qd2 Bxf1 17. Rxf1 f5
18. Bf3 Qd7 19. Bf2 Rad8 20. Nd5 b6 21. Nec3 Ne7 {0-1 Anastasian,A-Vladimirov,
E/Dubai 2000/EXT 2001 (38)}) 16. Bxf5 Rxe3 17. Nd5 Rxe2 18. Qxe2 Nd4 $5 19. Qd3
$6 (19. Qf2 $1) 19... Nxf5 $44 {0-1 Vakhidov,T-Nisipeanu,L/Dubai 2004/CBM 101/
[Ribli] (42)}) 14. Rc1 (14. Bxc5 dxc5 15. e5 a3 16. b3 f6 $13 (16... Nd4 $13))
(14. Rb1 $5) 14... Be6 (14... a3 15. b3 Nb4 16. Qd2) 15. b3 Nb4 $11 {[%csl Yd3]
[%cal Gb4d3] Schwarz hat sehr aktives Figurenspiel und deutlichen Druck am
Damenflügel, aber die weiße Stellung besitzt keine Schwächen.} 16. Rb1 (16.
Bxc5 dxc5 17. e5 axb3 18. axb3 Qe7 $15 19. Bxb7 $6 Rad8 $17) 16... axb3 17.
axb3 c6 (17... Qc8 18. Kh2) 18. Bd4 {Weiß möchte den starken "königsindischen"
Läufer tauschen.} (18. Qd2) 18... Bxd4+ 19. Nxd4 (19. Qxd4 $11) 19... Bc8 (
19... f5 20. exf5 Bxf5 21. Nxf5 gxf5 22. Qd2 $11) 20. Qd2 Qb6 {[%cal Gb6g1]}
21. Kh2 Ncd3 22. Nde2 (22. Nc2 $1) 22... Qd8 23. Na4 (23. Nc1 Nc5 24. Rd1)
23... f5 24. exf5 Bxf5 25. g4 {[#]} Bxg4 $2 {[%mdl 512] Schwarz opfert die
Figur mit einigen Angriffchancen, aber dieses Opfer forciert nicht den Gewinn.}
(25... Be4 $1 26. Bxe4 Rxe4 27. Rf3 Qe7 28. Ng3 Rd4 29. Ne2 Re4 30. Ng3 $11)
26. hxg4 Qh4+ 27. Kg1 Qxg4 28. Rf3 $16 {[%csl Gf3] Der schwarze Angriff kommt
aufgrund der sicheren Stellung von Weiß zum Erliegen.} Re7 29. Nac3 Rae8 30.
Rbf1 (30. f5 $1 gxf5 $4 31. Rg3 $18) 30... Qf5 (30... Nc5 31. Nd4) 31. Nd4 Qc5
32. Rxd3 Nxd3 33. Qxd3 $18 {Weiß hat drei Leichtfiguren gegen den Turm und
damit deutlichen Materialvorteil.} Re3 34. Qd2 Rg3 (34... Qb4 35. Rf3 $18 (35.
Rc1 $18)) 35. Kh2 (35. Nce2 $6 Rxe2 36. Qxe2 Qxd4+ 37. Kh2 Rxb3 $16) 35... Rge3
(35... Ree3 36. Bf3 $18) 36. Bf3 (36. Nd5 $5 cxd5 37. Bxd5+ Kg7 38. Qb2 Kf8 (
38... Kh6 39. Nf5+ $18) 39. f5 $18) 36... Qb4 37. Rc1 d5 38. cxd5 (38. c5 $18)
38... Qd6 39. Nce2 (39. Kg3 g5 40. Nce2 g4 41. Kxg4 $18) 39... c5 40. Nb5 Qf6
41. Rc3 1-0

[Event "URS-chT Republics 19th final B"]
[Site "Azov"]
[Date "1991.??.??"]
[Round "?"]
[White "Agrest, Evgenij"]
[Black "Kakageldyev, Amanmurad"]
[Result "1-0"]
[WhiteElo "2480"]
[BlackElo "2350"]
[Annotator "Ribli,Z"]
[PlyCount "73"]
[EventDate "1991.??.??"]
[EventType "team-tourn"]
[EventRounds "4"]
[EventCountry "URS"]
[SourceTitle "EXT 2020"]
[Source "ChessBase"]
[SourceDate "2019.10.17"]
[SourceVersion "1"]
[SourceVersionDate "2019.10.17"]
[SourceQuality "1"]
[WhiteTeam "Leningrad"]
[BlackTeam "Turkmenistan"]
[WhiteTeamCountry "RUS"]
[BlackTeamCountry "TKM"]

1. d4 g6 2. c4 Bg7 3. Nc3 d6 4. e4 Nc6 5. d5 Nd4 6. Nge2 c5 7. dxc6 (7. Be3 $5
Nxe2 (7... Qb6 8. Na4 Qa5+ 9. Bd2 Qa6 10. Nxd4 Bxd4 11. Nc3 Bd7 12. Bd3 Nf6 13.
O-O O-O 14. a4 Qb6 15. Qc2 Ng4 16. Nb5 $14 {Cramling,P-Johansson,J Stockholm
1990 CBM/22}) 8. Bxe2 Bd7 9. O-O a6 10. Qd2 Qa5 11. a3 Bxc3 12. bxc3 Nf6 13.
Bh6 O-O-O 14. Qe3 Qc7 15. h3 Ba4 16. Ra2 Kb8 17. Rb2 Ka8 18. Rfb1 $16 {
Thorsteins,K-Sjoberg,M Borsodtavho 1991 EXP/23}) 7... Nxc6 8. Be3 Nf6 9. f3 a6
10. Qd2 Qa5 11. Nd4 Nxd4 12. Bxd4 O-O 13. Be2 Be6 14. a3 Rfc8 15. b4 Qd8 16.
Na4 Rc6 $10 17. Nb2 a5 (17... Nd7 $5) 18. O-O axb4 19. axb4 Rca6 20. Rac1 Ra2
21. Bd3 Nd7 22. Bxg7 Kxg7 23. Bb1 Ra1 24. Nd3 Qb6+ 25. c5 dxc5 26. bxc5 Qc7 27.
Nf4 Qe5 28. Nxe6+ Qxe6 29. Rfd1 Ne5 $2 (29... Nf6 $5) 30. Qb2 $1 Qf6 31. Qxb7
Nxf3+ $2 (31... g5 $5) 32. gxf3 R8a2 33. Qd5 Rb2 34. Rf1 Kg8 35. c6 e5 36. Qd7
Qf4 37. Qh3 1-0

[Event "Balkaniad"]
[Site "Kavala"]
[Date "1990.??.??"]
[Round "6"]
[White "Marin, Mihail"]
[Black "Ermenkov, Evgenij"]
[Result "1/2-1/2"]
[WhiteElo "2485"]
[BlackElo "2465"]
[Annotator "Ribli,Z"]
[PlyCount "33"]
[EventDate "1990.10.??"]
[EventType "team"]
[EventRounds "6"]
[EventCountry "GRE"]
[SourceTitle "CBM 021"]
[Source "ChessBase"]
[SourceDate "1991.04.01"]
[SourceVersion "1"]
[SourceVersionDate "1991.04.01"]
[SourceQuality "1"]

1. d4 d6 2. c4 e5 3. Nf3 exd4 (3... e4 $5) 4. Nxd4 g6 5. e4 Bg7 6. Nc3 Nc6 7.
Be3 Nge7 8. Be2 O-O 9. Qd2 f5 10. exf5 Bxd4 11. Bxd4 Nxf5 12. Be3 Nxe3 13. Qxe3
Qf6 14. O-O (14. Rd1 Bg4 $5 15. f3 Rae8 16. Qf2 Bf5 $10 {Barbero,G-Mohr,S
Debrecen 1989 CBM/14}) 14... Be6 15. Rad1 Rae8 16. b3 a6 17. Qd2 1/2-1/2